| 000 | 00973cam a22002771 4500 | ||
|---|---|---|---|
| 001 | 6536 | ||
| 003 | BD-RjUL | ||
| 005 | 20211208234248.0 | ||
| 008 | 140111r19611949nyua 000 0 eng d | ||
| 035 | _a(BD-RjUL)6577 | ||
| 040 |
_aDLC _cOMC _dOCoLC _dMdU-BC _dOCoLC _dTxU _dDLC _d(BD-RjUL) _beng |
||
| 041 | 1 | _aengger | |
| 082 | 0 | 0 |
_223 _a515.353 _bSOP 1957 |
| 100 | 1 |
_aSommerfeld, Arnold, _d1868-1951. _920583 |
|
| 245 | 1 | 0 |
_aPartial differential equations in physics / _cTr. by Ernst G. Straus. |
| 260 |
_aNew York : _bAcademic Press, _c1949 [Reprent 1961]. |
||
| 300 |
_axi, 335 p. : _bill. ; _c24 cm. |
||
| 490 | 1 |
_aHis lectures on theortical physics, _vv.6. |
|
| 500 | _aIncludes Index. | ||
| 650 | 0 |
_aDifferential equations, Partial. _919714 |
|
| 650 | 0 |
_aMathematical physics. _91138 |
|
| 830 |
_aHis lectures on theortical physics, _vv. 6. _9209567 |
||
| 942 |
_2ddc _cBK |
||
| 999 |
_c6536 _d6536 |
||